• 首页
  • 本馆介绍
  • 公告通知
  • 最新文献
  • 馆藏检索
  • 电子资源
  • 读者导购
  • 参考咨询
  • 我的图书馆
  • 登录
  • 期刊详细显示
  • 现刊情况显示
  • 合订本情况显示
  • 篇目信息显示

期刊信息

  • 表格格式
  • 工作单格式
  • 卡片格式
索取号 
G6/ETF
题名 
ENGLISH TEACHING FORUME
作者 
WILLIAM P.ANCKER
分册号 
分册名 
出版地 
NEW YORK
出版者 
the United States Department of State for the teacher of English
标准刊号 
1613-5164
出版频率 
季刊
中图法分类 
G6
主题词 
教育 各级
电子资源 
000 00881nas0 2200205 45
001 0739041310
005 20070709154631.09
011    @a1613-5164
100    @a20070416d km y0chiy0120 ea
101 0  @aeng
200 1  @aENGLISH TEACHING FORUME@eENGLISH TEACHING@fWILLIAM P.ANCKER
207    @aThe English Teaching Forum,published four times a year by the United States Department of State for the teacher of English,is distributed abroad by U.S.embassies.Questions about subscriptions should be addressed to the Cultural Office of the U.S.embassy in the capital city of the country in which the inquirer resides.
210    @aNEW YORK@cthe United States Department of State for the teacher of English
326    @a季刊
517 1  @aENGLISH TEACHING
606 0  @a教育@x各级
690    @aG6@v4
701  0 @aWILLIAM P.ANCKER
801  0 @aCN@bPFT@c20070709
905    @aTJWY@dG6@eETF
    
    ENGLISH TEACHING FORUME:ENGLISH TEACHING/WILLIAM P.ANCKER.-The English Teaching Forum,published four times a year by the United States Department of State for the teacher of English,is distributed abroad by U.S.embassies.Questions about subscriptions should be addressed to the Cultural Office of the U.S.embassy in the capital city of the country in which the inquirer resides.-NEW YORK:the United States Department of State for the teacher of English
    
    
    
    ISSN 1613-5164
    
●
相关链接: 在易读查询期刊 在中国知网中查询期刊 在万方数据查询期刊 在维普查询期刊
唐山师范学院图书馆 欢迎您!
大连网信软件有限公司© 版权所有